| 000 | 00519nam a2200181Ia 4500 | ||
|---|---|---|---|
| 008 | 121001t2006 xxu||||| |||| 00| 0 sin d | ||
| 041 | _asin | ||
| 080 |
_ax 8 S 3 (Youth) _bKAR |
||
| 100 | _aKarunarathna,Isiwara Umayanga | ||
| 245 | _aඅයියයි මල්ලියි | ||
| 246 | _aAiyai Malliy | ||
| 260 |
_aNeel Priyantha Karunarathna _aMathale _c2006 |
||
| 300 | _b32p, ill, 21 cm | ||
| 700 | _aKarunarathna,Iduwara Udayanga | ||
| 942 | _cBK | ||
| 999 |
_c43423 _d43423 |
||
| 003 | LK-CoDNM | ||
| 040 |
_aLK-CoDNM _dLK-CoDNM _eLK-CoDNM |
||